Televisión para los niños: análisis sobre los efectos de la televisión

Gardado en:
Detalles Bibliográficos
Main Authors: Schramm, Wilbur (Author), Lyle, Jack (Author), Parker, Edwin B (Author)
Formato: Libro
Idioma:Lingua castelá
Publicado: Barcelona Hispano-europea 1965
Series:Ciencias y técnicas empresariales
Subjects:
Tags: Engadir etiqueta
Sen Etiquetas, Sexa o primeiro en etiquetar este rexistro!

MARC

LEADER 00000nam a2200000 a 4500
001 UCY9465
003 CL-VaPUC
008 950717e19650000SP |||||||||||||||||spa|d
082 0 4 |a 302.234  |b SCH  |2 21 
100 0 |a Schramm, Wilbur  |e author  |9 341646 
700 0 |a Lyle, Jack  |e author  |9 341647 
700 0 |a Parker, Edwin B  |e author  |9 341648 
245 1 0 |a Televisión para los niños: análisis sobre los efectos de la televisión 
300 |a 312 p 
942 |c BK 
945 |d 19950717 00:00:00  |a cmena 
260 |a Barcelona  |b Hispano-europea  |c 1965 
650 0 |a Televisión  |9 256845 
650 0 |a Aspectos sociales  |9 254894 
650 0 |a Comunicación audiovisual  |9 268089 
650 0 |a Aspectos psicológicos  |9 258128 
650 0 |a Psicología del niño  |9 307305 
650 0 |a Programas de televisión  |9 335092 
650 7 |a TELEVISION EDUCATIVA  |2 CL-VaPUC  |9 310717 
650 0 |a Ver televisión  |9 339905 
650 0 |a Proceso de comunicación   |9 332060 
650 0 |a Medios de comunicación de masas  |9 257273 
650 7 |a PSICOLOGIA DE LA COMUNICACION  |2 CL-VaPUC  |9 332059 
650 7 |a TELEVIDENTES  |2 CL-VaPUC  |9 339904 
583 |a last modification  |c 19950717 00:00:00  |k Rodrigo Vera 
490 0 |a Ciencias y técnicas empresariales 
999 |c 236555  |d 236553 
952 |0 0  |1 0  |4 0  |6 302_234000000000000_SCH_1965  |7 0  |8 P  |9 244714  |a BIBEDU  |b BIBEDU  |c BIBEDU_PB  |d 2019-11-18  |i 1531379  |o 302.234 SCH 1965  |p 1531379  |r 2019-11-18  |w 2019-11-18  |y BK  |k EDU 
952 |0 0  |1 0  |4 0  |6 302_234000000000000_SCH_1965  |7 0  |8 P  |9 244715  |a BIBEDU  |b BIBEDU  |c BIBEDU_PB  |d 2019-11-18  |i 1531387  |o 302.234 SCH 1965  |p 1531387  |r 2019-11-18  |w 2019-11-18  |y BK  |k EDU